000 00924nam a2200253Ia 4500
005 20250117103628.0
008 008 250103s9999 xx 000 0 eng d
020 _a9780367774424
037 _aTextual
040 _aCSL
_beng
_cCSL
041 _aeng
_2eng
084 _aG91:4 R3-;1
_qCSL
245 0 _aPlant-Microbe interactions: Harnessing next-generation molecular technologies for sustainable agriculture
_cSahu, Jagajjit (Ed.); Vaishanv, Anukool (Ed.); Singh, Harikesh bahadur (Ed.)
260 _aBoca Raton
_b CRC Press/T&F
_c2023
300 _axiv, 304p. ill.
650 _a Plant-Microbe relationships
_9734344
650 _a Suatainable agriculture
_9734345
650 _aBotany
700 _a Singh, Harikesh bahadur (Ed.)
_9734346
700 _a Vaishanv, Anukool (Ed.)
_9734347
700 _aSahu, Jagajjit (Ed.)
_9734348
942 _cTEXL
_hG91:4 R3-;1
999 _c1237923
_d1237923